[Event "Dewan Astana Karnival op"]
[Site "Dewan Astana"]
[Date "2015.08.01"]
[Round "6"]
[White "Muhammad, Noor Al Maarif Anua"]
[Black "Yap, Gay Soon"]
[Result "1-0"]
[WhiteElo "1195"]
[BlackElo "1450"]
[PlyCount "87"]
[EventDate "2015.07.29"]
[EventType "swiss"]
[EventRounds "7"]
[EventCountry "MAS"]
[SourceTitle "EXT 2017"]
[Source "ChessBase"]
[SourceDate "2016.10.25"]
[SourceVersion "1"]
[SourceVersionDate "2016.10.25"]
[SourceQuality "1"]

1. e4 c5 2. Nf3 Nc6 3. Bc4 e6 4. 0-0 d5 5. exd5 exd5 6. Bb5 Bd7 7. d4 c4 8. Nc3 Nf6 9. Bg5 Be7 10. Bxf6 Bxf6 11. Nxd5 0-0 12. Nxf6+ Qxf6 13. Bxc4 Rad8 14. c3 Bg4 15. h3 Bc8 16. Be2 a6 17. Nh2 Qg6 18. Kh1 b6 19. Bf3 Bd7 20. Re1 Na7 21. Nf1 Kh8 22. Ng3 Qd6 23. Qb3 h6 24. Rad1 Nc6 25. Kg1 Rfe8 26. Kh1 Be6 27. Qxb6 Bd5 28. Bxd5 Qxd5 29. Qxa6 Ra8 30. Rxe8+ Rxe8 31. b3 Nd8 32. Qc4 Qg5 33. Qd3 h5 34. c4 Nb7 35. d5 Nd6 36. c5 h4 37. Nf1 Ne4 38. Kg1 Qf4 39. Qd4 Re5 40. d6 Kg8 41. d7 Rd5 42. Qe3 Qxe3 43. d8Q+ Kh7 44. Nxe3 1-0